Responses for show #3535 - Friday, January 7, 2000

Contestants

[<< previous game]

Jeff Robinson, an artist from Los Angeles, California

Justin T. Bradford, Jr., an educator from Canyon Country, California

Mike Monday, a legal staffing specialist originally from Brookfield, Wisconsin (whose 1-day cash winnings total $5,701)

[next game >>]

Jeopardy! Round responses

STATES BY TOWN
(Alex: You have to identify the state, of course.)
TV CROSSOVERS
AMERICAN FOLKLORE
SLOGANEERING
WE GET LETTERS
STUCK ON YOU
    $100 1
Wisconsin

Jeff
    $100 2
Pat Sajak

Justin
    $100 29
(Jeff: Who is Daniel Boone?)

Davy Crockett

MikeJeff
    $100 11
Popeyes

Justin
    $100 16
V

Justin
    $100 21
Sealing wax

Mike
    $200 7
Florida

Jeff
    $200 3
Ally McBeal

Justin
    $200 30
John Henry

Justin
    $200 12
Hallmark

Mike
    $200 17
T

Mike
    $200 22
Putty

Jeff
    $300 8
North Carolina

Jeff
    $300 4
CBS

Mike
    $300 26
Casey Jones

Mike
    $300 13
The Weather Channel

Mike
    $300 18
E!

Justin
    $300 23
Grout

Justin
    $400 9
Ohio

Justin
    $400 5
General Hospital

Triple Stumper
    $400 27
Daniel Webster

Jeff
    $400 14
Palmolive

Mike
    $400 19
(Mike: Who is M?)

Q

MikeJustin
    $400 24
Solder

Mike
    $500 10
(Justin: What is Georgia?)

Illinois

MikeJustin
    $500 6
Martial Law

Mike
    $600 28
(Jeff: No idea.)

Pecos Bill

Jeff
    $500 15
Morgan Stanley Dean Witter

Jeff
    $500 20
K

Mike
    $500 25
(M: What is tar?)
(Jeff: What is asphalt?)

Pitch

MikeJeff
Triple Stumper

Scores at the first commercial break (after clue 15):

Mike Justin Jeff
$2,200 $300 $1,100

Scores at the end of the Jeopardy! Round:

Mike Justin Jeff
$2,900 $1,600 $500

Double Jeopardy! Round responses

A LITTLE TASTE OF LIECHTENSTEIN
THE NATIONAL INVENTORS HALL OF FAME
GENERAL KNOWLEDGE
GODS & MONSTERS
FOREIGN FILM COUNTRIES
(Alex: You have to identify the country.)
STUCK ON "U"
    $200 26
United Nations

Mike
    $200 21
Hepatitis

Mike
    $200 16
New Haven, Connecticut

Jeff
    $200 6
Scylla

Jeff
    $200 1
Mexico

Triple Stumper
    $200 9
Uranus

Mike
    $400 27
German

Justin
    $400 22
Luther Burbank

Triple Stumper
    $400 17
Element

Jeff
    $400 7
Rice

Justin
    $400 2
Canada

Jeff
    $400 10
Urban

Triple Stumper
    $600 28
Napoleon

Jeff
    $600 23
John Deere

Jeff
    $600 18
Northwest Passage

Justin
    $600 8
Thor

Mike
    $600 3
Sweden

Jeff
    $600 11
Unicameral

Mike
    $100 29
Rhine

Jeff
    $800 24
(M: What is the carburetor?)

Muffler

MikeJustin
    $800 19
Minstrels

Triple Stumper
    $800 14
Golem

Justin
    $800 4
Spain

Jeff
    $800 12
(M: I don't know.)

Uffizi Palace

Mike
    $1000 30
Vaduz

Triple Stumper
    $1000 25
Elisha Otis

Mike
    $1000 20
Iceland

Jeff
    $1000 15
Hunting

Mike
    $1000 5
(Justin: What is France?)

Denmark

Justin
Triple Stumper
    $1000 13
Ugli fruit

Triple Stumper

Scores at the end of the Double Jeopardy! Round:

Mike Justin Jeff
$5,100 $3,600 $5,400

[wagering suggestions for these scores]

Final Jeopardy! Round responses

YANKEE STADIUM HISTORY
(Alex: History was made there a few months ago.)
JustinWho is?
$599
MikeWho is Stan Musial?
$5,000
JeffWho was Cedeno?
$4,801
Pope John Paul II

Final scores:

Mike Justin Jeff
$100 $3,001 $599
3rd place: Oz Airlines Hot Air Balloon Flight over Southern California New champion: $3,001 2nd place: Toshiba Big Screen TV & DirecTV Satellite System

Game dynamics:

Coryat scores:

Mike Justin Jeff
$5,900 $3,600 $6,700
19 R,
4 W
(including 1 DD)
14 R,
2 W
16 R
(including 1 DD),
3 W
(including 1 DD)

Combined Coryat: $16,200

The J! Archive is created by fans, for fans. The Jeopardy! game show and all elements thereof, including but not limited to copyright and trademark thereto, are the property of Jeopardy Productions, Inc. and are protected under law. This website is not affiliated with, sponsored by, or operated by Jeopardy Productions, Inc. Join the discussion at JBoard.tv.